[Event "17e tournoi de Noël"]
[Site "Montigny le Bretonneux"]
[Date "2016.12.27"]
[Round "1.1"]
[White "Nguyen, Hai Long"]
[Black "Van Dongen, Patrick"]
[Result "0-1"]
[WhiteElo "1567"]
[BlackElo "2311"]
[Annotator "Rivier,Sylvain"]
[PlyCount "52"]
[EventDate "2016.??.??"]

{Défense ouest-indienne} 1. d4 Nf6 2. c4 e6 3. Nf3 b6 4. g3 Ba6 5. Qa4 c5 6.
Bg2 Bb7 7. O-O cxd4 8. Nxd4 Bxg2 9. Kxg2 Be7 10. Rd1 O-O 11. Nc3 Qc8 12. Ndb5
Na6 13. Nd6 Qc6+ 14. f3 Bxd6 15. Qxc6 dxc6 16. Rxd6 Rad8 17. Rxd8 Rxd8 18. e4
Nd7 19. a3 Ne5 20. b3 Rd3 21. Ne2 Nc5 22. b4 Nb3 23. Ra2 Nxc4 24. Rc2 b5 25.
Nf4 Rd1 26. Nd3 Rxd3 0-1

[Event "17e tournoi de Noël"]
[Site "Montigny le Bretonneux"]
[Date "2016.12.27"]
[Round "1.2"]
[White "Etrog, Jonathan"]
[Black "Ider, Jargalan"]
[Result "1-0"]
[WhiteElo "2247"]
[BlackElo "1537"]
[Annotator "Rivier,Sylvain"]
[PlyCount "123"]
[EventDate "2016.??.??"]

{Ouverture catalane, variante fermée} 1. c4 e6 2. g3 d5 3. Bg2 Nf6 4. Nf3 Bd6
5. d4 c6 6. Nc3 Nbd7 7. O-O O-O 8. Nd2 h6 9. e4 dxe4 10. Ndxe4 Nxe4 11. Nxe4
Bc7 12. b3 e5 13. Ba3 Re8 14. Nd6 Bxd6 15. Bxd6 exd4 16. Qxd4 Nf6 17. Be5 Bf5
18. Qf4 Be6 19. Rad1 Qe7 20. Bd6 Nh5 21. Qe5 Qf6 22. Qxh5 Bf5 23. c5 Bg6 24.
Qf3 Qb2 25. Rfe1 Qxa2 26. Qc3 Bc2 27. Rxe8+ Rxe8 28. Ra1 Qxb3 29. Qxb3 Bxb3 30.
Bf3 Bc4 31. Kg2 a6 32. Rb1 Bb5 33. Bc7 f5 34. Rd1 Re7 35. Ba5 g5 36. Re1 Rxe1
37. Bxe1 Kf7 38. Bd1 Ke6 39. Bb3+ Kd7 40. Kf3 Bd3 41. Ke3 Be4 42. Kd4 Kc7 43.
Ba5+ Kd7 44. Ke5 Ke7 45. Be6 f4 46. gxf4 gxf4 47. Kxe4 Kxe6 48. f3 Kf6 49. Kxf4
h5 50. h4 Kg6 51. Ke5 Kf7 52. f4 Ke7 53. f5 Kf7 54. f6 Kf8 55. Ke6 Ke8 56. f7+
Kf8 57. Bc7 Kg7 58. Be5+ Kf8 59. Bd6+ Kg7 60. f8=Q+ Kg6 61. Qg8+ Kh6 62. Bf8#
1-0

[Event "17e tournoi de Noël"]
[Site "Montigny le Bretonneux"]
[Date "2016.12.27"]
[Round "1.3"]
[White "Benahmed, Faycal"]
[Black "Carvallo, Henri"]
[Result "0-1"]
[WhiteElo "1525"]
[BlackElo "2127"]
[Annotator "Rivier,Sylvain"]
[PlyCount "32"]
[EventDate "2016.??.??"]

{Ouverture du pion dame} 1. d4 d6 2. Nf3 Bg4 3. Nbd2 Nf6 4. g3 Nbd7 5. Bg2 c6
6. b3 e6 7. e4 d5 8. exd5 cxd5 9. a3 Be7 10. Nf1 O-O 11. Ne3 Bh5 12. h3 Rc8 13.
c4 Ne4 14. Bb2 Qa5+ 15. b4 Bxb4+ 16. axb4 Qxb4+ 0-1

[Event "17e tournoi de Noël"]
[Site "Montigny le Bretonneux"]
[Date "2016.12.27"]
[Round "1.5"]
[White "Barthere, Gilles"]
[Black "Fruchard, Cyrille"]
[Result "0-1"]
[WhiteElo "1509"]
[BlackElo "2084"]
[Annotator "Rivier,Sylvain"]
[PlyCount "64"]
[EventDate "2016.??.??"]

{Défense française, variante MacCutcheon} 1. e4 e6 2. d4 d5 3. Nc3 Nf6 4. Bg5
Bb4 5. e5 h6 6. Bd2 Bxc3 7. Bxc3 Ne4 8. Qd3 c5 9. dxc5 Nc6 10. Bd4 Qa5+ 11. c3
Nxc5 12. Bxc5 Qxc5 13. Nf3 O-O 14. Be2 f6 15. exf6 Rxf6 16. O-O e5 17. b4 Qd6
18. Ne1 a6 19. Rd1 Be6 20. a3 Rd8 21. c4 Nd4 22. cxd5 Qxd5 23. Nc2 Bf5 24. Qc4
Bxc2 25. Qxc2 Nxc2 26. Rxd5 Rxd5 27. Bc4 Rfd6 28. Rd1 Nd4 29. Kf1 Kf7 30. f3
Kf6 31. a4 Nc2 32. Bxd5 Ne3+ 0-1

[Event "17e tournoi de Noël"]
[Site "Montigny le Bretonneux"]
[Date "2016.12.27"]
[Round "1.6"]
[White "Ibazizen, Abdelatif"]
[Black "Benbakir, Ameur"]
[Result "1-0"]
[WhiteElo "2021"]
[BlackElo "1495"]
[Annotator "Rivier,Sylvain"]
[PlyCount "41"]
[EventDate "2016.??.??"]

{Défense sicilienne, étau de Maroczy} 1. e4 c5 2. Nf3 Nc6 3. d4 cxd4 4. Nxd4 g6
5. c4 Nf6 6. Nc3 Bg7 7. Be3 O-O 8. Be2 e6 9. Ndb5 d5 10. cxd5 exd5 11. exd5 Ne5
12. Bc5 Re8 13. O-O Nfd7 14. Bd4 Nb6 15. d6 Rf8 16. a4 Bd7 17. Nc7 Qh4 18. f4
Ng4 19. h3 Nf6 20. a5 Bxh3 21. Qe1 1-0

[Event "17e tournoi de Noël"]
[Site "Montigny le Bretonneux"]
[Date "2016.12.27"]
[Round "1.7"]
[White "Alif, Yassine"]
[Black "Ribiere, Damien"]
[Result "0-1"]
[WhiteElo "1445"]
[BlackElo "1957"]
[Annotator "Rivier,Sylvain"]
[PlyCount "88"]
[EventDate "2016.??.??"]

{Défense Pirc, variante classique} 1. e4 d6 2. d4 Nf6 3. Nc3 g6 4. Be3 c6 5.
Nf3 Bg7 6. Qd2 b5 7. Bd3 Nbd7 8. h3 Nb6 9. b3 Bb7 10. O-O O-O 11. Bh6 Qc7 12.
Rfe1 b4 13. Ne2 c5 14. d5 a5 15. Bxg7 Kxg7 16. Ng3 h6 17. Nh4 Bc8 18. f4 c4 19.
Bf1 Bd7 20. Qe3 Rac8 21. Rac1 Qc5 22. Qxc5 Rxc5 23. Nf3 Rfc8 24. Ra1 cxb3 25.
cxb3 Rc3 26. Kf2 Rc2+ 27. Re2 h5 28. Rae1 Bb5 29. Rd2 Bxf1 30. Nxf1 Rxd2+ 31.
N1xd2 Rc2 32. Ke3 Rxa2 33. Rc1 Nfd7 34. Nd4 Nc5 35. Rc2 Ra1 36. Ke2 a4 37. bxa4
Nbxa4 38. N4b3 Nxb3 39. Nxb3 Ra3 40. Nd2 b3 41. Rc1 b2 42. Rf1 Ra1 43. Nb1 Rxb1
44. Rxb1 Nc3+ 0-1

[Event "17e tournoi de Noël"]
[Site "Montigny le Bretonneux"]
[Date "2016.12.27"]
[Round "1.8"]
[White "Appavou, Calixte"]
[Black "Coquelin, Jonathan"]
[Result "1-0"]
[WhiteElo "1917"]
[BlackElo "1439"]
[Annotator "Rivier,Sylvain"]
[PlyCount "165"]
[EventDate "2016.??.??"]

{Défense sicilienne, système de Scheveningue} 1. e4 c5 2. Nf3 Nc6 3. d4 cxd4 4.
Nxd4 Nf6 5. Nc3 d6 6. Be2 e6 7. O-O Be7 8. Be3 O-O 9. Nb3 a6 10. f4 b5 11. Bf3
Qc7 12. Ne2 Bb7 13. Ng3 Rfd8 14. c3 a5 15. Nd4 Nxd4 16. cxd4 Rd7 17. Rc1 Qd8
18. Rf2 Rc8 19. Rfc2 Rdc7 20. Qd3 Rxc2 21. Rxc2 Rxc2 22. Qxc2 Qc8 23. Qd3 Ba6
24. Be2 Qc4 25. b3 Qxd3 26. Bxd3 Bb7 27. f5 b4 28. h3 Bd8 29. e5 dxe5 30. dxe5
Nd7 31. fxe6 fxe6 32. Bc4 Kf7 33. Nf5 Kf8 34. Bxe6 Bc6 35. Bc4 Bb6 36. e6 Bxe3+
37. Nxe3 Nc5 38. Nf5 g6 39. Nd4 Be8 40. Kf2 a4 41. bxa4 Bxa4 42. Ke3 Ke7 43.
Kf4 h6 44. h4 Kf6 45. g3 g5+ 46. hxg5+ hxg5+ 47. Ke3 Be8 48. Nc2 Nxe6 49. Bxe6
Kxe6 50. Nxb4 Kf5 51. Nd3 Kg4 52. Kf2 Bb5 53. Ne5+ Kf5 54. Nf3 Be8 55. a3 Bd7
56. Ke3 Ba4 57. Nd4+ Kg4 58. Kf2 Be8 59. Ne2 Kf5 60. Nc3 Ke5 61. Ke3 g4 62. Nd1
Bc6 63. Nc3 Be8 64. a4 Kd6 65. a5 Kc6 66. Kf4 Kb7 67. Nd5 Ba4 68. Kxg4 Ka6 69.
Nc3 Bb3 70. Kf5 Kxa5 71. Kf6 Kb6 72. Ke7 Bg8 73. Ne4 Kc6 74. Nf6 Ba2 75. g4 Kc5
76. g5 Kc4 77. g6 Kd4 78. Ng4 Ke4 79. Kf6 Kf4 80. Ne5 Bg8 81. Nf7 Kg4 82. Kg7
Kh5 83. Kf6 1-0

[Event "17e tournoi de Noël"]
[Site "Montigny le Bretonneux"]
[Date "2016.12.27"]
[Round "1.9"]
[White "Bouloc, Roger"]
[Black "Saugrain, Marc-Antoine"]
[Result "1-0"]
[WhiteElo "1413"]
[BlackElo "1821"]
[Annotator "Rivier,Sylvain"]
[PlyCount "73"]
[EventDate "2016.??.??"]

{Défense française, variante Tarrasch fermée} 1. e4 e6 2. d4 d5 3. Nd2 Nf6 4.
e5 Nfd7 5. Bd3 c5 6. c3 Nc6 7. Ne2 cxd4 8. cxd4 f6 9. exf6 Nxf6 10. O-O Bd6 11.
Nf3 Qc7 12. h3 O-O 13. Qc2 g6 14. Bh6 Rd8 15. Bxg6 e5 16. dxe5 Bxe5 17. Nxe5
Qxe5 18. a3 Kh8 19. Bd3 Rg8 20. Ng3 Nd4 21. Qc3 Rxg3 22. fxg3 Ne2+ 23. Bxe2 d4
24. Qf3 Ng8 25. Bc4 Bxh3 26. Bf4 Qc5 27. gxh3 Ne7 28. Rac1 Nc6 29. Bd5 Qe7 30.
Bxc6 bxc6 31. Qxc6 Rf8 32. Be5+ Qxe5 33. Rxf8+ Kg7 34. Qf3 d3 35. Qf7+ Kh6 36.
Rc6+ Kg5 37. Rg8+ 1-0

[Event "17e tournoi de Noël"]
[Site "Montigny le Bretonneux"]
[Date "2016.12.27"]
[Round "1.10"]
[White "Fayolle, Guy"]
[Black "Handichi, Abdelkader"]
[Result "1-0"]
[WhiteElo "1818"]
[BlackElo "1409"]
[Annotator "Rivier,Sylvain"]
[PlyCount "65"]
[EventDate "2016.??.??"]

{Partie italienne, guiocco piano} 1. e4 e5 2. Nf3 Nc6 3. Bc4 Bc5 4. c3 Nf6 5.
d3 d6 6. O-O O-O 7. Bg5 Be6 8. Bxe6 fxe6 9. Qb3 d5 10. Qxb7 Na5 11. Qb5 Bb6 12.
Nxe5 Rb8 13. Qa4 dxe4 14. dxe4 Qe7 15. Bxf6 Rxf6 16. Nd7 Rf7 17. Nxb8 Qc5 18.
Qe8+ Rf8 19. Qxe6+ Kh8 20. b4 Qg5 21. bxa5 Bxf2+ 22. Kh1 Rxb8 23. Qf5 Qxf5 24.
exf5 Bh4 25. Nd2 Bf6 26. Rab1 Rd8 27. Ne4 Be7 28. Rb7 h6 29. Rxc7 Bd6 30. Nxd6
Rxd6 31. Rxa7 Rd2 32. g3 Rxa2 33. f6 1-0

[Event "17e tournoi de Noël"]
[Site "Montigny le Bretonneux"]
[Date "2016.12.27"]
[Round "1.11"]
[White "Sondermeijer, Antoine"]
[Black "Larramendy, Pierre"]
[Result "0-1"]
[WhiteElo "1399"]
[BlackElo "1796"]
[Annotator "Rivier,Sylvain"]
[PlyCount "102"]
[EventDate "2016.??.??"]

{Défense sicilienne} 1. e4 c5 2. Nf3 d6 3. d4 cxd4 4. Nxd4 Nf6 5. Bd3 Nc6 6. c3
g6 7. h3 Bg7 8. Be3 O-O 9. O-O a6 10. Nd2 Qc7 11. Qc2 d5 12. Nxc6 bxc6 13. b4
Bb7 14. Rad1 Rfd8 15. Nb3 Nd7 16. c4 dxe4 17. Bxe4 f5 18. Bxf5 gxf5 19. Qxf5
Qe5 20. Nd4 Qxf5 21. Nxf5 Bf6 22. c5 Nf8 23. Bd4 Bxd4 24. Nxd4 Kf7 25. Nf3 Ne6
26. Rfe1 Rxd1 27. Rxd1 Rd8 28. Rxd8 Nxd8 29. Ne5+ Ke6 30. f4 Nf7 31. Nxf7 Kxf7
32. Kf2 Ke6 33. Ke3 Kd5 34. Kd3 h5 35. g4 hxg4 36. hxg4 Bc8 37. f5 a5 38. a3
axb4 39. axb4 Bd7 40. Ke3 Ke5 41. Kf3 e6 42. f6 Kxf6 43. Kf4 e5+ 44. Kf3 Ke6
45. Ke4 Be8 46. g5 Bg6+ 47. Ke3 Kd5 48. Kd2 Kc4 49. b5 Kxb5 50. Kc3 Kxc5 51.
Kd2 Kd4 0-1

[Event "17e tournoi de Noël"]
[Site "Montigny le Bretonneux"]
[Date "2016.12.27"]
[Round "1.12"]
[White "Artieres, Michel"]
[Black "Thomas, Robert"]
[Result "1-0"]
[WhiteElo "1783"]
[BlackElo "1348"]
[Annotator "Rivier,Sylvain"]
[PlyCount "135"]
[EventDate "2016.??.??"]

{Défense sicilienne, variante Scheveningue} 1. e4 c5 2. Nf3 d6 3. d4 cxd4 4.
Nxd4 Nf6 5. Nc3 e6 6. Be3 a6 7. Be2 Be7 8. Qd2 Bd7 9. g4 e5 10. Nf5 Bxf5 11.
gxf5 Nc6 12. O-O-O Qd7 13. Rhg1 Rg8 14. Bg5 O-O-O 15. Bxf6 Bxf6 16. Nd5 Kb8 17.
Qc3 Nd4 18. Bd3 Rc8 19. Nb6 Qe7 20. Nxc8 Rxc8 21. Qb4 Nf3 22. Rg3 Bg5+ 23. Kb1
Nd4 24. c3 Nc6 25. Qb3 Ka8 26. Qd5 Bf6 27. Bc2 Rd8 28. Ba4 Qc7 29. Bb3 Rd7 30.
Ba4 h6 31. Bxc6 bxc6 32. Qd3 Ka7 33. c4 c5 34. Qa3 Qc6 35. Rd5 Bg5 36. Rgd3 Be7
37. Qb3 f6 38. Qd1 Kb7 39. Qg4 Bf8 40. Qg6 Qc7 41. Qe8 Be7 42. Rb3+ Ka7 43.
Rdd3 Rd8 44. Qf7 Rd7 45. Qxg7 Qc6 46. Rd5 Qc7 47. Qxh6 Qa5 48. Qc1 Rd8 49. Rg3
Rd7 50. h4 Bf8 51. Qc3 Qc7 52. Rg6 Rf7 53. b3 Be7 54. Kc2 Rh7 55. Rg4 Rh8 56.
Qg3 Qa5 57. Kb2 Qe1 58. Qe3 Qa5 59. Rd1 Qd8 60. Qd3 a5 61. Qd5 Qc7 62. Rdg1 a4
63. Rg8 Rxg8 64. Rxg8 Bd8 65. h5 a3+ 66. Kc2 Qb6 67. h6 Be7 68. Qa8# 1-0

[Event "17e tournoi de Noël"]
[Site "Montigny le Bretonneux"]
[Date "2016.12.27"]
[Round "1.13"]
[White "Tanchoux, Pierre"]
[Black "De Lagontrie, Jean"]
[Result "0-1"]
[WhiteElo "1311"]
[BlackElo "1746"]
[Annotator "Rivier,Sylvain"]
[PlyCount "42"]
[EventDate "2016.??.??"]

{Gambit dame, défense slave} 1. d4 d5 2. Nf3 c6 3. e3 Bf5 4. c4 e6 5. a3 a5 6.
Nc3 Nf6 7. cxd5 exd5 8. Be2 Bd6 9. Bd3 Bxd3 10. Qxd3 O-O 11. O-O Re8 12. Re1
Ne4 13. Bd2 Nd7 14. Rac1 Ndf6 15. Na4 Ng4 16. Rf1 Ng5 17. Qf5 Nxf3+ 18. Qxf3
Bxh2+ 19. Kh1 Qh4 20. g3 Bxg3+ 21. Kg2 Qh2# 0-1

[Event "17e tournoi de Noël"]
[Site "Montigny le Bretonneux"]
[Date "2016.12.27"]
[Round "1.14"]
[White "Plantet, Marc"]
[Black "Jen, Jin-Xian-Koki"]
[Result "1-0"]
[WhiteElo "1745"]
[BlackElo "1302"]
[Annotator "Rivier,Sylvain"]
[PlyCount "51"]
[EventDate "2016.??.??"]

{Défense Petroff} 1. e4 e5 2. Nf3 Nf6 3. Bc4 Be7 4. Nxe5 O-O 5. Nc3 d6 6. Nf3
Nc6 7. d4 Bg4 8. Be3 Nxe4 9. Nxe4 d5 10. Bd3 dxe4 11. Bxe4 Bf6 12. c3 Re8 13.
Bc2 Bh5 14. O-O Na5 15. Bxh7+ Kh8 16. Bd3 Qd5 17. Re1 Nc4 18. Bxc4 Qxc4 19. Nd2
Qd5 20. Qb3 Qc6 21. f3 Bh4 22. Bf2 Bg5 23. Ne4 Bh6 24. d5 Qg6 25. Ng3 b6 26.
Qb5 1-0

[Event "17e tournoi de Noël"]
[Site "Montigny le Bretonneux"]
[Date "2016.12.27"]
[Round "1.15"]
[White "Ider, Bayar"]
[Black "Benbakir, Chouaib"]
[Result "0-1"]
[WhiteElo "1222"]
[BlackElo "1729"]
[Annotator "Rivier,Sylvain"]
[PlyCount "54"]
[EventDate "2016.??.??"]

{Ouverture du pion dame, défense est-indienne} 1. d4 Nf6 2. Nf3 g6 3. Bf4 Bg7
4. h3 O-O 5. e3 d6 6. Bc4 c6 7. O-O b5 8. Bd3 Nbd7 9. c3 Bb7 10. Nbd2 Re8 11.
Qc2 e5 12. Bh2 a6 13. dxe5 dxe5 14. Ne4 Nxe4 15. Bxe4 f5 16. Bxf5 gxf5 17. Qxf5
Bc8 18. Rfd1 Qe7 19. Qe4 Qf6 20. c4 Nc5 21. Qc2 Bf5 22. Qc3 e4 23. Qxf6 Bxf6
24. Nd4 Bd7 25. Rac1 Nd3 26. Rc2 c5 27. Nb3 bxc4 0-1

[Event "17e tournoi de Noël"]
[Site "Montigny le Bretonneux"]
[Date "2016.12.27"]
[Round "1.16"]
[White "Danzanvilliers, Patrice"]
[Black "Le Dantec, Brieuc"]
[Result "1-0"]
[WhiteElo "1725"]
[BlackElo "1199"]
[Annotator "Rivier,Sylvain"]
[PlyCount "41"]
[EventDate "2016.??.??"]

{Début Ponziani} 1. e4 e5 2. Nf3 Nc6 3. d4 exd4 4. Bc4 Bc5 5. c3 dxc3 6. Bxf7+
Kxf7 7. Qd5+ Ke8 8. Qh5+ g6 9. Qxc5 Nf6 10. Qxc3 Rf8 11. e5 Nh5 12. O-O d6 13.
exd6 Qxd6 14. Re1+ Kd8 15. Bg5+ Nf6 16. Na3 Ne7 17. Rad1 Ned5 18. Bxf6+ Rxf6
19. Rxd5 Qxd5 20. Qxf6+ Kd7 21. Re7+ 1-0

[Event "17e tournoi de Noël"]
[Site "Montigny le Bretonneux"]
[Date "2016.12.27"]
[Round "1.17"]
[White "Payot, Guillaume"]
[Black "Verat-Fayolle, Celian"]
[Result "0-1"]
[WhiteElo "1199"]
[BlackElo "1704"]
[Annotator "Rivier,Sylvain"]
[PlyCount "48"]
[EventDate "2016.??.??"]

{Gambit dame, défense semi-Tarrasch} 1. d4 d5 2. c4 e6 3. Nc3 c5 4. e3 Nf6 5.
Nf3 Nc6 6. Be2 Be7 7. O-O O-O 8. Ne5 cxd4 9. exd4 dxc4 10. Nxc6 bxc6 11. Bxc4
Nd5 12. Nxd5 cxd5 13. Bd3 Bf6 14. Qg4 e5 15. Qh5 e4 16. Be2 Bxd4 17. Rd1 Qf6
18. Qxd5 Qxf2+ 19. Kh1 Bb6 20. Qxa8 Qxe2 21. Bg5 Bh3 22. Qxf8+ Kxf8 23. Rg1
Bxg1 24. Kxg1 Qxg2# 0-1

[Event "17e tournoi de Noël"]
[Site "Montigny le Bretonneux"]
[Date "2016.12.27"]
[Round "1.18"]
[White "Houhou, Alexandre"]
[Black "Fruchard, Alois"]
[Result "1-0"]
[WhiteElo "1679"]
[BlackElo "1174"]
[Annotator "Rivier,Sylvain"]
[PlyCount "65"]
[EventDate "2016.??.??"]

{Défense française, variante Tarrasch ouverte} 1. e4 e6 2. d4 d5 3. Nd2 c5 4.
exd5 exd5 5. Ngf3 Nc6 6. Bb5 Nf6 7. dxc5 Bxc5 8. O-O O-O 9. Nb3 Bb6 10. h3 a6
11. Be2 Re8 12. c3 Ne4 13. Nbd4 Qf6 14. Be3 Qg6 15. Nh4 Qf6 16. Nhf5 Nxd4 17.
Nxd4 Qd6 18. Bd3 Bc7 19. Nf3 f5 20. c4 Be6 21. Qc2 b6 22. b4 dxc4 23. Bxc4 b5
24. Rfd1 Qc6 25. Bxe6+ Rxe6 26. Qb3 Kh8 27. Nd4 Qd6 28. Nxe6 Qh2+ 29. Kf1 Be5
30. Rac1 f4 31. Rd8+ Rxd8 32. Nxd8 fxe3 33. Nf7+ 1-0

[Event "17e tournoi de Noël"]
[Site "Montigny le Bretonneux"]
[Date "2016.12.27"]
[Round "1.19"]
[White "Ider, Ariuna"]
[Black "Couradin, Jean-Marie"]
[Result "0-1"]
[WhiteElo "1119"]
[BlackElo "1648"]
[Annotator "Rivier,Sylvain"]
[PlyCount "98"]
[EventDate "2016.??.??"]

{Ouverture du pion dame} 1. d4 Nf6 2. Nf3 e6 3. Bf4 c5 4. c3 Nc6 5. e3 b6 6.
Bd3 Bb7 7. O-O Be7 8. Nbd2 d5 9. Ne5 c4 10. Bc2 O-O 11. Qf3 Bd6 12. Qh3 Ne7 13.
Bg5 Ng6 14. Ndf3 Qc7 15. Bf4 Nxf4 16. exf4 h6 17. Nd2 b5 18. a3 a5 19. b4 cxb3
20. Nxb3 Rfc8 21. Rfc1 a4 22. Nd2 Qa5 23. Nb1 Rc7 24. Bg6 Bc8 25. Bxf7+ Rxf7
26. Nxf7 Kxf7 27. Qh4 Qc7 28. g3 b4 29. axb4 Bxb4 30. Na3 Be7 31. Qh3 Ne4 32.
Qh5+ Kg8 33. Qe8+ Kh7 34. Nb5 Qd7 35. Qxd7 Bxd7 36. Na3 Nd2 37. Ra2 Nb3 38.
Rcc2 Be8 39. c4 Nxd4 40. Rcb2 Bxa3 41. Rxa3 dxc4 42. Rd2 Nb3 43. Rc2 Rc8 44.
Kg2 c3 45. Raa2 Nd4 46. Rc1 c2 47. Kf1 Bb5+ 48. Kg1 Ne2+ 49. Kg2 Nxc1 0-1

[Event "17e tournoi de Noël"]
[Site "Montigny le Bretonneux"]
[Date "2016.12.27"]
[Round "1.20"]
[White "Maquin, Andre"]
[Black "Chaintreau, Maxime"]
[Result "1-0"]
[WhiteElo "1629"]
[BlackElo "1110"]
[Annotator "Rivier,Sylvain"]
[PlyCount "35"]
[EventDate "2016.??.??"]

{Partie des quatre cavaliers, variante écossaise} 1. e4 e5 2. Nf3 Nf6 3. Nc3
Nc6 4. d4 Bb4 5. d5 Bxc3+ 6. bxc3 Ne7 7. Bd3 O-O 8. Nxe5 d6 9. Nc4 Bg4 10. f3
Bh5 11. Bg5 Nc8 12. g4 Bg6 13. f4 h6 14. Bh4 Qe7 15. f5 Nxe4 16. Bxe7 Re8 17.
Bxe4 Rxe7 18. Qd4 1-0

[Event "17e tournoi de Noël"]
[Site "Montigny le Bretonneux"]
[Date "2016.12.27"]
[Round "1.21"]
[White "Chaintreau, Thomas"]
[Black "Mongey, Alain"]
[Result "1/2-1/2"]
[WhiteElo "1099"]
[BlackElo "1589"]
[Annotator "Rivier,Sylvain"]
[PlyCount "159"]
[EventDate "2016.??.??"]

{Partie du pion dame} 1. d4 d5 2. Nc3 e6 3. Bf4 Bd7 4. Nf3 Nf6 5. e3 a6 6. Bd3
c5 7. dxc5 Bxc5 8. O-O Nc6 9. a3 O-O 10. b4 Be7 11. Re1 h6 12. h3 Rc8 13. Ne2
b5 14. c3 Nh7 15. Qc2 Ng5 16. a4 Nxf3+ 17. gxf3 Nxb4 18. Bh7+ Kh8 19. Qb1 Nc6
20. axb5 axb5 21. Bd3 b4 22. cxb4 Nxb4 23. Rd1 Nxd3 24. Rxd3 Bf6 25. Raa3 Rc4
26. e4 e5 27. Rxd5 exf4 28. Ra7 Rc7 29. Rxc7 Qxc7 30. Qd3 Bxh3 31. Kh2 Bf1 32.
Qd2 Bxe2 33. Qxe2 Rd8 34. Rf5 Qb6 35. Kg2 Qc7 36. Qa2 Rd7 37. Qa8+ Qd8 38. Qa4
Qc7 39. Qa8+ Kh7 40. Qe8 Re7 41. Qb5 Re5 42. Rxe5 Qxe5 43. Qd7 Qg5+ 44. Kf1 Qh5
45. Ke2 g5 46. Qf5+ Qg6 47. Qd7 h5 48. Qe8 g4 49. e5 gxf3+ 50. Kxf3 Qg4+ 51.
Ke4 f3+ 52. Kd5 Qe6+ 53. Qxe6 fxe6+ 54. Kxe6 Bg5 55. Kf5 Kh6 56. e6 h4 57. Kg4
Be7 58. Kxf3 Kg5 59. Kg2 Kf4 60. f3 Ke5 61. Kh3 Kxe6 62. Kg4 Ke5 63. f4+ Ke4
64. f5 Ke3 65. Kh3 Kf2 66. Kh2 Kf3 67. Kh3 Kf4 68. f6 Bxf6 69. Kg2 Kg4 70. Kh2
Be5+ 71. Kg2 h3+ 72. Kg1 Bg3 73. Kh1 Kf3 74. Kg1 Be5 75. Kh1 Bd4 76. Kh2 Kg4
77. Kh1 Be5 78. Kg1 Kh4 79. Kh1 Kg3 80. Kg1 1/2-1/2

[Event "17e tournoi de Noël"]
[Site "Montigny le Bretonneux"]
[Date "2016.12.27"]
[Round "2.1"]
[White "Van Dongen, Patrick"]
[Black "Artieres, Michel"]
[Result "1-0"]
[WhiteElo "2311"]
[BlackElo "1783"]
[Annotator "Rivier,Sylvain"]
[PlyCount "119"]
[EventDate "2016.??.??"]

{Défense Alekhine, variante de chasse} 1. e4 Nf6 2. Nc3 d5 3. e5 d4 4. exf6
dxc3 5. fxg7 cxd2+ 6. Qxd2 Qxd2+ 7. Bxd2 Bxg7 8. O-O-O Be6 9. Ne2 Nc6 10. Bc3
Rg8 11. Bxg7 Rxg7 12. Nf4 Bf5 13. Bb5 Bd7 14. Nd5 Rc8 15. Rhe1 Be6 16. g3 Rg5
17. Bxc6+ bxc6 18. Nf4 Bg4 19. Rd3 Rd8 20. Rxd8+ Kxd8 21. Re3 e5 22. Nd3 f6 23.
Nc5 Rf5 24. Nd3 Rf3 25. Kd2 Rxe3 26. Kxe3 Ke7 27. f4 exf4+ 28. Kxf4 h5 29. Ke4
Kd6 30. Kd4 Bd1 31. c3 Be2 32. Nc5 Bg4 33. Nb7+ Kd7 34. Kc5 Be2 35. Na5 Bf3 36.
a3 f5 37. Nb3 Bd5 38. Nd4 Be4 39. h4 a6 40. b4 Bd3 41. Nxc6 Ke6 42. Kd4 Bb5 43.
Ne5 f4 44. gxf4 Kf5 45. Ke3 Be8 46. c4 Ba4 47. Kf3 Bd1+ 48. Kg3 Bb3 49. c5 Ba4
50. Nf3 Ke4 51. Ng5+ Kf5 52. Kf3 Bc6+ 53. Ke3 Kg4 54. Ne6 Kxh4 55. f5 Be8 56.
Nxc7 Bf7 57. Kf4 Kh3 58. Ne6 Kg2 59. Ng5 h4 60. c6 1-0

[Event "17e tournoi de Noël"]
[Site "Montigny le Bretonneux"]
[Date "2016.12.27"]
[Round "2.2"]
[White "De Lagontrie, Jean"]
[Black "Etrog, Jonathan"]
[Result "0-1"]
[WhiteElo "1746"]
[BlackElo "2247"]
[Annotator "Rivier,Sylvain"]
[PlyCount "56"]
[EventDate "2016.??.??"]

{Défense Benoni, attaque des quatre pions} 1. d4 Nf6 2. c4 c5 3. d5 e6 4. Nc3
exd5 5. cxd5 d6 6. e4 g6 7. f4 Bg7 8. Nf3 O-O 9. Be2 Nbd7 10. O-O Re8 11. Nd2
c4 12. Kh1 Nc5 13. Qc2 b5 14. Nxb5 Nfxe4 15. Nxe4 Nxe4 16. Qxc4 Qh4 17. Kg1 Ba6
18. a4 Rac8 19. Qd3 Bxb5 20. axb5 Nc5 21. Qf3 Nb3 22. Qxb3 Bd4+ 23. Kh1 Rxe2
24. Qf3 Rcc2 25. h3 Qe7 26. f5 Rxg2 27. Qxg2 Rxg2 28. Kxg2 Qe2+ 0-1

[Event "17e tournoi de Noël"]
[Site "Montigny le Bretonneux"]
[Date "2016.12.27"]
[Round "2.3"]
[White "Carvallo, Henri"]
[Black "Plantet, Marc"]
[Result "1-0"]
[WhiteElo "2127"]
[BlackElo "1745"]
[Annotator "Rivier,Sylvain"]
[PlyCount "69"]
[EventDate "2016.??.??"]

{Partie du pion dame} 1. d4 d5 2. Bf4 Nc6 3. e3 e6 4. Nf3 Bd6 5. Bg3 Nf6 6.
Nbd2 O-O 7. c4 Re8 8. Ne5 Bxe5 9. dxe5 Nd7 10. Nf3 f6 11. cxd5 Ncxe5 12. dxe6
Nxf3+ 13. Qxf3 Nc5 14. Rd1 Qe7 15. Bb5 c6 16. Bd6 Qxe6 17. Bxc5 cxb5 18. O-O
Qc4 19. Bd4 Qc6 20. Qg3 Bf5 21. Rc1 Qe6 22. Rc7 Re7 23. Rfc1 Rd8 24. h3 Rdd7
25. Rc8+ Re8 26. Rxe8+ Qxe8 27. Bxf6 Bg6 28. Bd4 Qe6 29. Rc8+ Kf7 30. Qb8 Qxa2
31. Qf4+ Ke7 32. Qg5+ Kf7 33. Qe5 Qb1+ 34. Kh2 Qf5 35. Qe8# 1-0

[Event "17e tournoi de Noël"]
[Site "Montigny le Bretonneux"]
[Date "2016.12.27"]
[Round "2.4"]
[White "Benbakir, Chouaib"]
[Black "Tseveendorj, Ider"]
[Result "1/2-1/2"]
[WhiteElo "1729"]
[BlackElo "2118"]
[Annotator "Rivier,Sylvain"]
[PlyCount "45"]
[EventDate "2016.??.??"]

{Défense scandinave} 1. e4 d5 2. exd5 Qxd5 3. Nc3 Qa5 4. d4 e5 5. Qh5 Nd7 6.
Bc4 g6 7. Qe2 Ne7 8. Nf3 Bg7 9. dxe5 Nxe5 10. Nxe5 Qxe5 11. Qxe5 Bxe5 12. Bd2
Bf5 13. O-O-O O-O 14. Rhe1 Nc6 15. h3 h5 16. Nd5 Bg7 17. Ne7+ Nxe7 18. Rxe7 b5
19. Bd5 Rad8 20. Bc6 Rd6 21. Bf3 Ra6 22. a3 c5 23. Be3 1/2-1/2

[Event "17e tournoi de Noël"]
[Site "Montigny le Bretonneux"]
[Date "2016.12.27"]
[Round "2.5"]
[White "Fruchard, Cyrille"]
[Black "Danzanvilliers, Patrice"]
[Result "1-0"]
[WhiteElo "2084"]
[BlackElo "1725"]
[Annotator "Rivier,Sylvain"]
[PlyCount "89"]
[EventDate "2016.??.??"]

{Gambit dame} 1. d4 Nf6 2. c4 e6 3. Nc3 d5 4. cxd5 exd5 5. Bg5 c6 6. e3 Be7 7.
Qc2 Be6 8. Bd3 h6 9. Bh4 a5 10. Nf3 Nbd7 11. h3 Rc8 12. O-O O-O 13. Rac1 b5 14.
Bg3 Nb6 15. Ne5 Nc4 16. b3 Nxe5 17. Bxe5 Nd7 18. Bf4 f5 19. Nb1 Qb6 20. Qe2 Nf6
21. Nd2 Qd8 22. Nf3 Nd7 23. Rc2 Ba3 24. Ne5 Nxe5 25. Bxe5 Qe7 26. Qh5 Qg5 27.
Qxg5 hxg5 28. f4 Be7 29. Kf2 Bd7 30. Kf3 Kf7 31. g3 Rh8 32. Kg2 Rhf8 33. fxg5
Bxg5 34. Bxf5 Bxf5 35. Rxf5+ Bf6 36. Bxf6 gxf6 37. Rf1 Rfe8 38. Kf3 Re4 39.
Rfc1 Rce8 40. Re2 R4e6 41. Rc5 Rh8 42. h4 Rg8 43. a4 bxa4 44. bxa4 Ra8 45. Rb2
1-0